02044agaaa2200289 45000010005000000030009000050050017000140070009000310080040000400400023000800410013001031000045001161300010001612450137001712500022003082600120003303000034004505080144004845110070006285200794006985380016014925460013015086500056015217000057015777000059016347000061016930698IT-RoPAU20220918181234.0d cvaizq50131s9999||||xx ||| | || ||und|| aIT-RoPAUcIT-RoPAU aITALIANO aHicks ScottgCodice regista SPICS: 50364 aSHINE aSHINEcProdotto da: Scott Jane -- Sceneggiatura: Sardi Jean -- Diretto da: Hicks ScottpSHINE (Rif. Codice opera principale : F0698) aEdizione Standard a(AUSTRALIA)bMONUMENTUM FILM / Distribuzione: LUCKY RED HOME VIDEOg"1996 (1° ed.: 1998 ; Ed. Lingua Orig.: 1996)" aVHSbsonoro, col.c105 minuti a"Fotografia: Simpson Geoffrey; Montaggio: Karmel Pip; Musica: Hirschfelder David; Sceneggiatura: Sardi Jean; Scenografia: Campbell Sally; " a"Rush Geoffrey; Mueller-Stahl Armin; Gielgud John; Redgrave Lynn" aCOMMOVENTE, TOCCANTE DRAMMA AUTOBIOGRAFICO DEL PIANISTA DAVID HELFGOTT. DAVID VEDE LA SUA PROMETTENTE CARRIERA ARTISTICA STRONCATA DAL PADRE POSSESSIVO CHE GLI VIETA DI STUDIARE MUSICA IN AMERICA. QUESTA VIOLENZA FISICA E PSICOLOGICA DEL PADRE PROVOCA NEL GIOVANE PIANISTA UN COLLASSO NERVOSO CHE LOPORTA A CHIUDERSI IN UN MONDO TUTTO SUO E A SOGNARE SOLO LA FUGA. DAVID SCAPPA A LONDRA DOVE AL ROYAL COLLEGE OF MUSIC VIENE TUTELATO DA CECIL PARKES. DAVID NON RIESCE PERO' A SUPERARE PSICOLOGICAMENTE IL DISTACCO DALLA FAMIGLIA, TANTO CHE DECIDE DI TORNARE IN AUSTRALIA DOVE ENTRA E DESCE DALLE CLINICHE PSICHIATRICHE. L'INCONTRO CASUALE CON L'ASTROLOGA GILLIAN LO PORTA A VIVERE UNA STRANA STORIA D'AMORE CORONATA DAL MATRIMONIO. DAVID RITROVA LA STABILITA' E TORNA A SUONARE IN PUBBLICO. aPAL, STEREO aITALIANO aDRAMMATICOeFILMS [VHS]xCodice MATERIA SPICS: 9960 aHicks Scott e(regista)gCodice regista SPICS: 50364 aHicks Scott e(soggetto)gCodice Soggetto SPICS: 50364 aHirschfelder Davide(musica)gCodice Musica SPICS: 50365